[Event "XIX Carlos Torre Mem"]
[Site "Merida MEX"]
[Date "2006.12.15"]
[Round "3"]
[White "De la Paz,F"]
[Black "Georgiev,Vl"]
[Result "1/2-1/2"]
[WhiteElo "2442"]
[BlackElo "2532"]
[EventDate "2006.12.14"]

1. e4 e5 2. Nf3 Nc6 3. Bc4 Bc5 4. c3 Nf6 5. d3 a6 6. h3 Ba7 7. Bb3 d6 8.
Nbd2 O-O 9. Nf1 d5 10. Qe2 Be6 11. Ng3 dxe4 1/2-1/2

[Event "XIX Carlos Torre Mem"]
[Site "Merida MEX"]
[Date "2006.12.15"]
[Round "3"]
[White "Leon Hoyos,M"]
[Black "Gonzalez Zamora,J"]
[Result "1/2-1/2"]
[WhiteElo "2437"]
[BlackElo "2517"]
[EventDate "2006.12.14"]

1. e4 c5 2. Nf3 e6 3. d4 cxd4 4. Nxd4 Qb6 5. Na3 Bxa3 6. bxa3 Nf6 7. f3 a6
8. Be3 Qc7 9. c4 O-O 10. Be2 d5 11. cxd5 exd5 12. O-O Nc6 13. Rc1 dxe4 14.
Nxc6 bxc6 15. Qa4 Bd7 16. fxe4 Rfc8 17. Qd4 Re8 18. Bc4 Be6 19. Bd5 Bxd5
20. exd5 Re4 21. Rxf6 Rxd4 22. Rfxc6 Qd7 23. Bxd4 h6 24. d6 Re8 25. Rxa6
Re2 26. Bf2 Rxa2 27. h3 Rd2 28. a4 Rxd6 29. Rxd6 Qxd6 30. a5 Qa6 31. Rc5
Kh7 32. h4 f6 33. Bd4 Kg6 34. Bf2 f5 35. Bd4 Qd6 36. Bf2 Qd1+ 37. Kh2 Qe2
38. Kg1 Qd3 39. Rc6+ Kh5 40. a6 Qb1+ 41. Kh2 Qb8+ 42. Kh1 Qb1+ 43. Kh2 Qb8+
44. Kg1 Qb1+ 45. Kh2 Qb8+ 46. Kg1 1/2-1/2

[Event "XIX Carlos Torre Mem"]
[Site "Merida MEX"]
[Date "2006.12.15"]
[Round "3"]
[White "Hernandez,Gi"]
[Black "Escobedo Tinajero,A"]
[Result "1/2-1/2"]
[WhiteElo "2551"]
[BlackElo "2383"]
[EventDate "2006.12.14"]

1. e4 c6 2. d4 d5 3. Nd2 dxe4 4. Nxe4 Nd7 5. Bc4 Ngf6 6. Ng5 e6 7. Qe2 Nb6
8. Bb3 h6 9. N5f3 c5 10. Bf4 Nbd5 11. Be5 Qa5+ 12. Nd2 b5 13. dxc5 Bxc5 14.
O-O-O Bb7 15. Ngf3 Qb6 16. c4 bxc4 17. Nxc4 Qa6 18. Nd6+ Bxd6 19. Qxa6 Bxa6
20. Bxd6 O-O-O 21. Bg3 Be2 22. Rd2 Bxf3 23. gxf3 Nb4 24. Rhd1 Rxd2 25. Rxd2
Rd8 26. Bc4 Rxd2 27. Kxd2 Nfd5 28. Be5 g5 29. Bg7 h5 30. a3 Nc6 31. b4 Nce7
32. Bh6 f6 33. Bf8 Kd7 34. b5 Nb6 35. Bb3 Ke8 36. Bxe7 Kxe7 37. Kc3 Kd6 38.
Kb4 Nd7 39. Ka5 Nc5 40. Bc2 Kc7 41. a4 h4 42. Kb4 1/2-1/2

[Event "XIX Carlos Torre Mem"]
[Site "Merida MEX"]
[Date "2006.12.15"]
[Round "3"]
[White "Mitkov,N1"]
[Black "Huerta,Da"]
[Result "1-0"]
[WhiteElo "2565"]
[BlackElo "2338"]
[EventDate "2006.12.14"]

1. d4 d5 2. Bf4 e6 3. e3 Bd6 4. Bg3 f5 5. Nf3 Nf6 6. Nbd2 O-O 7. Bd3 Ne4 8.
Bxd6 Qxd6 9. Ne5 Nxd2 10. Qxd2 c5 11. c3 Nc6 12. f4 Nxe5 13. fxe5 Qe7 14.
O-O-O c4 15. Bc2 b5 16. g4 a5 17. Rhf1 b4 18. Qg2 b3 19. axb3 cxb3 20. Bxb3
a4 21. Bc2 a3 22. gxf5 axb2+ 23. Kd2 exf5 24. Qxd5+ Be6 25. Qd6 Qf7 26. Rf2
1-0

[Event "XIX Carlos Torre Mem"]
[Site "Merida MEX"]
[Date "2006.12.15"]
[Round "3"]
[White "Corrales,Fi"]
[Black "Tapie,P"]
[Result "1-0"]
[WhiteElo "2496"]
[BlackElo "2059"]
[EventDate "2006.12.14"]

1. e4 c5 2. Nf3 d6 3. d4 cxd4 4. Nxd4 Nf6 5. f3 Nc6 6. c4 Qb6 7. Nc2 g6 8.
Nc3 Bg7 9. Rb1 Ng4 10. Qd2 Bh6 11. Qe2 Bxc1 12. Rxc1 Nf6 13. b3 O-O 14. Qe3
Qxe3+ 15. Nxe3 Be6 16. Be2 Rac8 17. Kf2 Kg7 18. Rhd1 Ne5 19. Rd2 a6 20. f4
Nc6 21. Bf3 Na5 22. Rcc2 Nc6 23. Ncd5 Rfd8 24. Nb6 Rb8 25. a3 Nd7 26. Nbd5
Nf6 27. b4 Bd7 28. Nb6 Be8 29. c5 dxc5 30. e5 Nd7 31. Nxd7 Rxd7 32. Rxd7
Bxd7 33. Rxc5 Rd8 34. g3 Be8 35. Nd5 f6 36. Nc7 Bf7 37. Bxc6 bxc6 38. Rxc6
fxe5 39. Ne6+ Bxe6 40. Rxe6 exf4 41. gxf4 Rd2+ 42. Re2 Rd7 43. Kf3 Kf6 44.
Rc2 Rd6 45. Rc5 h6 46. a4 g5 47. fxg5+ hxg5 48. Ke4 e6 49. Rc2 Rd1 50. Rb2
e5 51. b5 Rd4+ 52. Ke3 axb5 53. axb5 Ke6 54. b6 Rd8 55. b7 Rb8 56. Ke4 Kd6
57. h3 Kc7 58. Kxe5 Rf8 59. b8=Q+ 1-0

[Event "XIX Carlos Torre Mem"]
[Site "Merida MEX"]
[Date "2006.12.15"]
[Round "3"]
[White "Russek,G"]
[Black "Ramirez Garcia,J"]
[Result "1/2-1/2"]
[WhiteElo "2390"]
[BlackElo "2216"]
[EventDate "2006.12.14"]

1. e4 e6 2. d4 d5 3. exd5 exd5 4. c4 Nf6 5. Nc3 Be7 6. Bd3 O-O 7. Nge2 dxc4
8. Bxc4 Nbd7 9. O-O Nb6 10. Bb3 c6 11. Nf4 Bf5 12. h3 Qd7 13. Be3 Nbd5 14.
Nfxd5 Nxd5 1/2-1/2

[Event "XIX Carlos Torre Mem"]
[Site "Merida MEX"]
[Date "2006.12.15"]
[Round "3"]
[White "Lopez,Man MEX"]
[Black "Szmetan,R"]
[Result "1/2-1/2"]
[WhiteElo "2093"]
[BlackElo "2302"]
[EventDate "2006.12.14"]

1. e4 c5 2. Nc3 e6 3. g3 Nc6 4. Bg2 d6 5. d3 g6 6. f4 Bg7 7. Nf3 Nge7 8.
Be3 Nd4 9. O-O Nec6 10. Qd2 O-O 11. Ne1 f5 12. Nd1 e5 13. c3 Ne6 14. exf5
gxf5 15. Bd5 Kh8 16. Ng2 exf4 17. Nxf4 Nxf4 18. Bxf4 Ne5 1/2-1/2

[Event "XIX Carlos Torre Mem"]
[Site "Merida MEX"]
[Date "2006.12.15"]
[Round "3"]
[White "Alford,J"]
[Black "Alayola,J"]
[Result "1-0"]
[WhiteElo "2294"]
[BlackElo "2144"]
[EventDate "2006.12.14"]

1. e4 Nf6 2. e5 Nd5 3. d4 d6 4. c4 Nb6 5. f4 dxe5 6. fxe5 Nc6 7. Be3 Bf5 8.
Nf3 e6 9. Be2 Qd7 10. O-O O-O-O 11. Qd2 Bg4 12. Rd1 f6 13. exf6 gxf6 14. b3
Qg7 15. Nc3 Rg8 16. Qe1 Nb4 17. Rac1 Bf5 18. Qf2 Nc2 19. Bf4 Ba3 20. Nb5
Bxc1 21. Rxc1 Rd7 22. Nh4 Nb4 23. Nxf5 exf5 24. Nxa7+ Kb8 25. Nb5 Nxa2 26.
Ra1 Nb4 27. Bf3 Nc6 28. c5 Nd5 29. Qa2 Kc8 30. Qa8+ Nb8 31. Na7+ Kd8 32.
Qxb8+ Ke7 33. Re1+ Kf7 34. Bh5+ Qg6 35. Bxg6+ hxg6 36. Qxb7 Nxf4 37. c6 1-0

[Event "XIX Carlos Torre Mem"]
[Site "Merida MEX"]
[Date "2006.12.16"]
[Round "4"]
[White "Martin del Campo,R"]
[Black "Mitkov,N1"]
[Result "1/2-1/2"]
[WhiteElo "2455"]
[BlackElo "2565"]
[EventDate "2006.12.14"]

1. e4 e5 2. Nf3 Nc6 3. Bb5 Nf6 4. O-O Nxe4 5. d4 Nd6 6. Bg5 Be7 7. Bxe7
Qxe7 8. Bxc6 dxc6 9. dxe5 Nf5 10. Nc3 O-O 11. Qd2 Be6 1/2-1/2

[Event "XIX Carlos Torre Mem"]
[Site "Merida MEX"]
[Date "2006.12.16"]
[Round "4"]
[White "Nogueiras,J"]
[Black "Corrales,Fi"]
[Result "1/2-1/2"]
[WhiteElo "2554"]
[BlackElo "2496"]
[EventDate "2006.12.14"]

1. Nf3 d5 2. d4 Nf6 3. c4 c6 4. e3 Bf5 5. Nc3 e6 6. Nh4 Bg6 7. Qb3 Qc7 8.
Nxg6 hxg6 9. g3 Nbd7 10. Bg2 Be7 11. Bd2 Nb6 12. cxd5 exd5 13. Rd1 O-O 14.
O-O a5 15. a3 Rfd8 16. Bc1 Bf8 17. Rfe1 Rd7 18. Re2 Re8 19. Rc2 Qd8 20. Bh3
Rde7 21. Bf1 Nc8 22. Na4 Ne4 23. Nc5 Ncd6 1/2-1/2

[Event "XIX Carlos Torre Mem"]
[Site "Merida MEX"]
[Date "2006.12.16"]
[Round "4"]
[White "Georgiev,Vl"]
[Black "Leon Hoyos,M"]
[Result "1/2-1/2"]
[WhiteElo "2532"]
[BlackElo "2437"]
[EventDate "2006.12.14"]

1. d4 e6 2. c4 Nf6 3. Nc3 Bb4 4. e3 c5 5. Nge2 cxd4 6. exd4 O-O 7. a3 Be7
8. Nf4 d5 9. cxd5 Nxd5 10. Ncxd5 exd5 11. Bd3 Nc6 12. O-O Bf6 13. Be3 g6
14. Rc1 Ne7 15. Qf3 Be6 16. Rc5 Bg7 17. Rfc1 Rc8 18. Nxe6 fxe6 19. Rxc8
Nxc8 20. Qg4 Qf6 21. Qg3 Ne7 22. Qc7 Nc6 23. Qxb7 Nxd4 24. Rc7 Bh6 25. f4
Nf5 26. Bxf5 Qxf5 27. h3 Qb1+ 28. Kh2 Qe4 29. Qxa7 d4 30. Bd2 Bxf4+ 31.
Bxf4 Qxf4+ 32. Kh1 Qf1+ 33. Kh2 Qf6 34. Qc5 Qf4+ 35. Kh1 Qe3 36. Kh2 Qf4+
37. Kg1 Qe3+ 38. Kh2 Qf4+ 1/2-1/2

[Event "XIX Carlos Torre Mem"]
[Site "Merida MEX"]
[Date "2006.12.16"]
[Round "4"]
[White "Gonzalez Zamora,J"]
[Black "De la Paz,F"]
[Result "1-0"]
[WhiteElo "2517"]
[BlackElo "2442"]
[EventDate "2006.12.14"]

1. c4 Nf6 2. Nc3 g6 3. e4 d6 4. g3 Bg7 5. Bg2 O-O 6. Nge2 c5 7. O-O Nc6 8.
d3 Ne8 9. Be3 Nc7 10. d4 cxd4 11. Nxd4 Ne5 12. b3 Ng4 13. Bc1 Ne6 14. Nde2
Nc5 15. h3 Ne5 16. Be3 Nc6 17. Qd2 Be6 18. Rad1 Qa5 19. Rb1 Na6 20. Rfc1
Qd8 21. Nd5 Bc8 22. b4 Ne5 23. Bd4 e6 24. Ne3 f5 25. exf5 gxf5 26. f4 Nf7
27. Bxg7 Kxg7 28. Nd4 Nc7 29. c5 d5 30. b5 Ne8 31. Re1 h5 32. Bxd5 exd5 33.
Nexf5+ Kh8 34. Ne7 Nf6 35. Qc3 Nh6 36. Re5 Rf7 37. Rbe1 Bxh3 38. f5 Kh7 39.
Ne6 d4 40. Qd2 Qd7 41. Ng5+ Kh8 42. Nxh3 Nhg4 43. Ng6+ Kg7 44. Ng5 d3 45.
Nxf7 Qd4+ 46. Kh1 Kxf7 47. Qg5 Nh7 48. Nh8+ Kf8 49. Qe7+ Kg8 50. Qf7+ 1-0

[Event "XIX Carlos Torre Mem"]
[Site "Merida MEX"]
[Date "2006.12.16"]
[Round "4"]
[White "Escobedo Tinajero,A"]
[Black "Quezada,Y"]
[Result "1/2-1/2"]
[WhiteElo "2383"]
[BlackElo "2515"]
[EventDate "2006.12.14"]

1. d4 Nf6 2. c4 e6 3. Nc3 Bb4 4. Qc2 Nc6 5. Nf3 d6 6. a3 Bxc3+ 7. Qxc3 a5
8. b3 O-O 9. Bg5 Re8 10. e3 e5 11. dxe5 dxe5 12. Be2 Bg4 13. Rd1 Qe7 14.
Bxf6 Qxf6 15. h3 Qh6 16. Rd5 Bxf3 17. Bxf3 Nd4 18. Bd1 a4 19. O-O Nxb3 20.
Bxb3 axb3 21. Qxb3 b6 22. c5 Qe6 23. cxb6 cxb6 1/2-1/2

[Event "XIX Carlos Torre Mem"]
[Site "Merida MEX"]
[Date "2006.12.16"]
[Round "4"]
[White "Morales Garcia,S"]
[Black "Hernandez,Gi"]
[Result "1-0"]
[WhiteElo "2230"]
[BlackElo "2551"]
[EventDate "2006.12.14"]

1. e4 c5 2. Nf3 e6 3. d3 Nc6 4. g3 g6 5. Bg2 Bg7 6. O-O Nge7 7. Nbd2 O-O 8.
Nh4 e5 9. f4 exf4 10. gxf4 d5 11. f5 dxe4 12. dxe4 Bxf5 13. Nxf5 gxf5 14.
Qh5 f4 15. Nf3 Nd4 16. Nxd4 Qxd4+ 17. Kh1 Ng6 18. Bxf4 Qxb2 19. Bd6 Qxc2
20. Rac1 Qxa2 21. Bxf8 Rxf8 22. Rxc5 b6 23. Rcf5 a5 24. e5 Qe6 25. Rd1 Qe7
26. Bd5 Kh8 27. Qh3 Bxe5 28. Rh5 Bg7 29. Rxh7+ Kg8 30. Rg1 Qd6 31. Rh5 Re8
32. Qf5 1-0

[Event "XIX Carlos Torre Mem"]
[Site "Merida MEX"]
[Date "2006.12.16"]
[Round "4"]
[White "Ramirez Garcia,J"]
[Black "Arencibia,W"]
[Result "0-1"]
[WhiteElo "2216"]
[BlackElo "2530"]
[EventDate "2006.12.14"]

1. e4 c5 2. Nf3 e6 3. d4 cxd4 4. Nxd4 a6 5. Nc3 b5 6. Bd3 d6 7. O-O Nf6 8.
Qe2 Be7 9. Re1 O-O 10. Bd2 Qb6 11. Nb3 b4 12. Nd1 Nc6 13. a3 a5 14. axb4
Nxb4 15. Bxb4 Qxb4 16. Bb5 Bd7 17. Nc3 a4 18. Bxd7 Nxd7 19. Na2 Qb6 20. Nd2
Qxb2 21. Nc4 Qb7 22. Nc3 Qc6 23. Nd5 Bd8 24. Nb4 Qc5 25. c3 Bf6 26. Qd3 Ne5
27. Nxe5 Bxe5 28. Ra3 Rfc8 29. Re3 Qb6 30. Nc2 Qb1+ 31. Re1 Qb2 32. Re3
Rcb8 33. c4 Bf4 34. Re1 Rb3 35. Rxb3 axb3 36. Nd4 Ra1 37. Rd1 Qc1 0-1

[Event "XIX Carlos Torre Mem"]
[Site "Merida MEX"]
[Date "2006.12.16"]
[Round "4"]
[White "Zapata,A"]
[Black "Martin del Campo,J"]
[Result "1-0"]
[WhiteElo "2470"]
[BlackElo "2218"]
[EventDate "2006.12.14"]

1. e4 c5 2. Nf3 d6 3. d4 cxd4 4. Nxd4 Nf6 5. Nc3 Nc6 6. Bc4 Bd7 7. Bb3 g6
8. f3 Nxd4 9. Qxd4 Bg7 10. Bg5 O-O 11. O-O-O Qa5 12. Qd2 b5 13. Kb1 b4 14.
Bxf6 bxc3 15. Qxc3 Qxc3 16. Bxc3 Bxc3 17. bxc3 Be6 18. Rd4 Rfc8 19. Kb2 Rc5
20. Re1 a5 21. f4 Rb8 22. Re3 Kf8 23. Kc1 Rb7 24. Kd2 Ra7 25. e5 dxe5 26.
Rxe5 Rxe5 27. fxe5 Bd7 28. a4 h5 29. g3 e6 30. h4 Ke7 31. Rf4 Be8 32. Ke3
Rc7 33. Kd4 Kd8 34. Rf3 Kc8 35. Rd3 Kd8 36. Rf3 Ke7 37. Rf4 Kd8 38. Rf1 Kc8
39. Rf4 Kd8 40. g4 hxg4 41. Rxg4 Ke7 42. Rg5 Kd8 43. h5 gxh5 44. Rxh5 Rc6
45. Rh7 Rc7 46. Rh8 Ke7 47. Rh1 Kd8 48. Ra1 Rd7+ 49. Kc5 Kc7 50. Rg1 Kb7
51. Rg8 Rc7+ 52. Kd4 Bc6 53. c4 Bf3 54. Rd8 Bc6 55. Rd6 Rc8 56. c3 Rh8 57.
Bc2 Rc8 58. Bb3 Rh8 59. Bd1 Rc8 60. Bh5 Rc7 61. Bd1 Rc8 62. Bc2 Rc7 63. c5
Rc8 64. Bd3 Rh8 65. Bb5 Rh4+ 66. Kd3 Rh3+ 67. Kd2 Rh2+ 68. Kc1 Be4 69. c4
Rh5 70. Rd7+ Kc8 71. c6 Bxc6 72. Bxc6 Rxe5 73. Rxf7 Rc5 74. Bb5 Kb8 75. Kd2
Rg5 76. Kd3 1-0

[Event "XIX Carlos Torre Mem"]
[Site "Merida MEX"]
[Date "2006.12.16"]
[Round "4"]
[White "Fernandez,D USA"]
[Black "Beltran,J"]
[Result "0-1"]
[WhiteElo "2451"]
[BlackElo "2154"]
[EventDate "2006.12.14"]

1. e4 e6 2. d3 b5 3. g3 Bb7 4. Bg2 c5 5. Qe2 Nc6 6. Nf3 Nf6 7. e5 Nd5 8. c4
Nc7 9. O-O d5 10. b3 Be7 11. Nc3 a6 12. h4 O-O 13. Bf4 Rb8 14. Nd1 dxc4 15.
dxc4 Nd4 16. Nxd4 Bxg2 17. Kxg2 cxd4 18. Nb2 Ba3 19. Nd3 bxc4 20. bxc4 Qd7
21. Qf3 Qa4 22. Bg5 Rfc8 23. Rad1 Ne8 24. Qg4 Qxc4 25. Nf4 Qc6+ 26. Kh2 Rb4
27. Nh5 d3 28. Nf4 Qb5 29. Rfe1 Rc2 30. Kg1 d2 31. Re2 Rb1 0-1

[Event "XIX Carlos Torre Mem"]
[Site "Merida MEX"]
[Date "2006.12.16"]
[Round "4"]
[White "Sanchez Enr.,O"]
[Black "Russek,G"]
[Result "1/2-1/2"]
[WhiteElo "2196"]
[BlackElo "2390"]
[EventDate "2006.12.14"]

1. e4 e6 2. d4 d5 3. Nc3 dxe4 4. Nxe4 Qd5 5. Nc3 Bb4 6. Nf3 Nf6 7. Bd3 b6
8. O-O Bxc3 9. bxc3 Ba6 10. c4 Bxc4 11. Bxc4 Qxc4 12. Ne5 Qd5 13. c4 Qb7
14. Ba3 Nbd7 15. Qa4 b5 16. cxb5 Nxe5 17. dxe5 Nd5 18. Rac1 O-O-O 19. Rc6
Kb8 20. Rfc1 Rd7 21. Bc5 Rhd8 22. Qc2 1/2-1/2

[Event "XIX Carlos Torre Mem"]
[Site "Merida MEX"]
[Date "2006.12.16"]
[Round "4"]
[White "Gonzalez Arroyo,L"]
[Black "Estrada Nieto,J"]
[Result "0-1"]
[WhiteElo "2174"]
[BlackElo "2379"]
[EventDate "2006.12.14"]

1. e4 e5 2. Nf3 Nc6 3. d4 exd4 4. Nxd4 Nf6 5. Nxc6 bxc6 6. Bd3 d5 7. exd5
cxd5 8. O-O Be7 9. Bf4 O-O 10. Nc3 Bd6 11. Bg5 c6 12. Re1 Rb8 13. Na4 h6
14. Be3 Ng4 15. h3 Nxe3 16. Rxe3 Re8 17. Rxe8+ Qxe8 18. Qe2 Bd7 19. Qxe8+
Bxe8 20. c4 c5 21. Nc3 dxc4 22. Bxc4 Rxb2 23. Rd1 Rc2 24. Rxd6 Rxc3 25. Bb3
Kf8 26. Rd8 Ke7 27. Ra8 c4 28. Rxa7+ Kd6 29. Ba4 Ra3 0-1

[Event "XIX Carlos Torre Mem"]
[Site "Merida MEX"]
[Date "2006.12.16"]
[Round "4"]
[White "Garcia Martinez,S"]
[Black "Varguez Baquedaro,A"]
[Result "1-0"]
[WhiteElo "2316"]
[BlackElo "2005"]
[EventDate "2006.12.14"]

1. e4 e6 2. d4 d5 3. Nc3 Nf6 4. Bg5 Bb4 5. e5 h6 6. Bd2 Bxc3 7. bxc3 Ne4 8.
Qg4 g6 9. Bd3 Bd7 10. h4 h5 11. Qf4 Nxd2 12. Kxd2 c5 13. Nf3 c4 14. Be2 Qe7
15. Ng5 Bc6 16. g4 hxg4 17. Bxg4 Nd7 18. h5 Nf8 19. hxg6 Nxg6 20. Rxh8+
Nxh8 21. Rh1 O-O-O 22. Qf6 Qxf6 23. exf6 Rg8 24. Nxf7 Nxf7 25. Bxe6+ Kc7
26. Bxf7 Rf8 27. Rh7 Kd6 28. Ke3 Ba4 29. Kd2 a5 30. Rg7 b6 31. f3 Bc6 32.
a3 Ba4 33. Kd1 Bc6 34. Ke2 Ba4 35. Kd2 Bc6 36. f4 Ba4 37. f5 b5 38. Bg6 b4
39. axb4 axb4 40. cxb4 c3+ 41. Kd3 Rc8 42. f7 Bb5+ 43. Ke3 Rh8 44. Rg8 1-0

[Event "XIX Carlos Torre Mem"]
[Site "Merida MEX"]
[Date "2006.12.16"]
[Round "4"]
[White "Tey Carrera,J"]
[Black "Alford,J"]
[Result "0-1"]
[WhiteElo "2048"]
[BlackElo "2294"]
[EventDate "2006.12.14"]

1. d4 Nf6 2. c4 g6 3. Nc3 Bg7 4. e4 d6 5. f4 O-O 6. Nf3 c5 7. d5 e6 8. dxe6
Bxe6 9. Bd3 Nc6 10. O-O a6 11. f5 Bd7 12. Bg5 h6 13. Bxf6 Bxf6 14. fxg6
fxg6 15. e5 Nxe5 16. Nxe5 Bxe5 17. Rxf8+ Qxf8 18. Bxg6 Qf4 19. Qh5 Rf8 20.
Ne2 Bd4+ 0-1

[Event "XIX Carlos Torre Mem"]
[Site "Merida MEX"]
[Date "2006.12.16"]
[Round "4"]
[White "Altamirano Gonzalez,Y"]
[Black "Capo Vidal,U"]
[Result "0-1"]
[WhiteElo "2101"]
[BlackElo "2385"]
[EventDate "2006.12.14"]

1. e4 c5 2. Nf3 Nc6 3. d4 cxd4 4. Nxd4 Nf6 5. Nc3 e5 6. Ndb5 d6 7. Bg5 a6
8. Na3 b5 9. Nd5 Be7 10. Bxf6 Bxf6 11. c3 Bg5 12. Nc2 Rb8 13. a4 bxa4 14.
Ncb4 Bd7 15. h4 Bxh4 16. Qh5 Nxb4 17. cxb4 Bg5 18. Bxa6 g6 19. Qd1 O-O 20.
O-O Bc6 21. b5 Bxb5 22. Bxb5 Rxb5 23. Ra2 Qb8 24. Qg4 h6 25. Rb1 Rb3 26.
Rxa4 Rxb2 27. Rxb2 Qxb2 28. Ra7 Qc1+ 29. Kh2 Qc5 30. Ra2 Qd4 31. f3 f5 32.
Qh3 Rb8 33. Ne7+ Bxe7 34. Qxh6 Kf7 35. Rc2 Rb1 36. Qh7+ Kf6 37. Qh8+ Kg5
0-1

[Event "XIX Carlos Torre Mem"]
[Site "Merida MEX"]
[Date "2006.12.16"]
[Round "4"]
[White "Huerta,Da"]
[Black "Lopez,Man MEX"]
[Result "1-0"]
[WhiteElo "2338"]
[BlackElo "2093"]
[EventDate "2006.12.14"]

1. d4 f5 2. Qd3 e6 3. g4 Nc6 4. gxf5 exf5 5. Nf3 d6 6. Nc3 Nf6 7. Rg1 g6 8.
Bg5 Be7 9. d5 Ne5 10. Nxe5 dxe5 11. O-O-O Ng4 12. Bxe7 Qxe7 13. Qg3 Bd7 14.
h3 Nf6 15. Qe3 f4 16. Qf3 O-O-O 17. e3 fxe3 18. Qxe3 Kb8 19. Rg5 Rhe8 20.
Re1 Bf5 21. Nb5 Nxd5 22. Qxa7+ Kc8 23. Rg3 Qb4 24. Rd1 Qf4+ 25. Rd2 Nb6 26.
Qa5 Qxd2+ 27. Qxd2 Rxd2 28. Kxd2 Rd8+ 29. Kc1 Nd5 30. Na3 Nb4 31. Bc4 c6
32. Re3 Re8 33. c3 Nd5 34. Rg3 Nf4 35. Bf1 b5 36. c4 b4 37. Nc2 Bxc2 38.
Kxc2 c5 39. a3 bxa3 40. Rxa3 Ne6 41. Bg2 Rf8 42. Ra8+ Kc7 43. Rxf8 Nxf8 44.
Bd5 Nd7 45. Kc3 Kd6 46. b4 cxb4+ 47. Kxb4 Nc5 48. Kb5 g5 49. Bg8 h6 50. Bf7
e4 51. Bg6 Nd3 52. Kb6 Nc5 53. Bf5 Na4+ 54. Kb5 Nc5 55. Bg6 h5 56. Bxh5 Nd3
57. Kb6 Ke5 58. c5 Nf4 59. Bf7 Kf6 60. Bc4 Ng6 61. c6 Ke5 62. Kc5 Ne7 63.
c7 Nc8 64. Be2 Ne7 65. Bg4 Kf4 66. Kd6 1-0

[Event "XIX Carlos Torre Mem"]
[Site "Merida MEX"]
[Date "2006.12.16"]
[Round "4"]
[White "Szmetan,R"]
[Black "Alonso Arteaga,L"]
[Result "1-0"]
[WhiteElo "2302"]
[BlackElo "2097"]
[EventDate "2006.12.14"]

1. d4 Nf6 2. Nf3 g6 3. g3 Bg7 4. Bg2 c5 5. c3 O-O 6. O-O d6 7. dxc5 dxc5 8.
Qxd8 Rxd8 9. Be3 Nbd7 10. Rd1 Re8 11. Na3 a6 12. Nc4 b5 13. Na5 Ra7 14. h3
Bb7 15. Nxb7 Rxb7 16. a4 Rc7 17. axb5 axb5 18. Ra5 Ne4 19. Rxb5 Bxc3 20.
Rxd7 Rxd7 21. bxc3 Rd1+ 22. Kh2 Nxc3 23. Rxc5 1-0

[Event "XIX Carlos Torre Mem"]
[Site "Merida MEX"]
[Date "2006.12.16"]
[Round "4"]
[White "Huerta,S"]
[Black "Duarte Barahona,R"]
[Result "1-0"]
[WhiteElo "2352"]
[BlackElo "2067"]
[EventDate "2006.12.14"]

1. d4 Nf6 2. c3 g6 3. Bg5 Bg7 4. Nd2 d5 5. e3 c5 6. Bd3 Nc6 7. f4 Qb6 8.
Rb1 c4 9. Bc2 Qa6 10. a3 O-O 11. Qe2 Na5 12. Ngf3 Nb3 13. Bxf6 Bxf6 14.
Nxb3 cxb3 15. Bxb3 Bf5 16. Rd1 Rfd8 17. Rd2 Qb6 18. Ba2 Bd7 19. Bb1 a5 20.
O-O a4 21. Ne1 e6 22. Bd3 Ra5 23. g4 Bg7 24. g5 Bb5 25. Bxb5 Qxb5 26. Qg4
Qd7 27. h4 Rf8 28. Nd3 f5 29. gxf6 Rxf6 30. Rh2 Rf5 31. h5 gxh5 32. Rxh5
Qf7 33. Rh2 Qg6 34. Qxg6 hxg6 35. Rg2 Kf7 36. Rf3 g5 37. Rfg3 1-0

[Event "XIX Carlos Torre Mem"]
[Site "Merida MEX"]
[Date "2006.12.16"]
[Round "4"]
[White "Morales Orozco,R"]
[Black "Dominguez Aguilar,G"]
[Result "0-1"]
[WhiteElo "2051"]
[BlackElo "2378"]
[EventDate "2006.12.14"]

1. e4 c5 2. Nf3 d6 3. d4 cxd4 4. Nxd4 Nf6 5. Nc3 e5 6. Nb3 Be7 7. Bc4 O-O
8. O-O Be6 9. Bd5 Bxd5 10. exd5 a5 11. a4 Na6 12. Nb5 Nc7 13. c4 Nxb5 14.
axb5 Qc7 15. Ra4 Nd7 16. Bd2 b6 17. Be3 f5 18. f3 Qd8 19. Qe2 Qe8 20. g3
Qg6 21. f4 Rae8 22. Qf2 Bd8 23. Raa1 Nf6 24. Nd2 Ng4 25. Qf3 Qh6 26. h4
exf4 27. Bxf4 g5 28. Bxg5 Bxg5 0-1

[Event "XIX Carlos Torre Mem"]
[Site "Merida MEX"]
[Date "2006.12.17"]
[Round "5"]
[White "Mitkov,N1"]
[Black "Perez,Rod"]
[Result "1/2-1/2"]
[WhiteElo "2565"]
[BlackElo "2385"]
[EventDate "2006.12.14"]

1. e4 e5 2. Bc4 Nf6 3. d3 c6 4. Bb3 d5 5. Nf3 Bb4+ 6. Bd2 Bxd2+ 7. Qxd2
dxe4 8. Nxe5 O-O 9. Nxf7 Rxf7 10. dxe4 Qe7 11. Bxf7+ Kxf7 12. f3 Be6 13.
Nc3 Nbd7 14. Qe3 Nb6 15. b3 Qa3 16. O-O Re8 17. Rad1 Nbd7 18. Rd2 Qc5 19.
Qxc5 Nxc5 20. Rfd1 Ke7 21. Rd4 Bc8 22. Ne2 Rf8 23. R4d2 Ne6 24. Re1 Nh5 25.
Kf2 Nhf4 26. Nxf4 Nxf4 27. Ke3 Ng6 28. h3 h5 29. Rf2 Nf4 30. h4 Ng6 31. f4
Bg4 32. g3 Re8 33. Rd2 Kf7 34. Kf2 Nf8 35. Rd4 Nh7 36. Ra4 a6 37. Rb4 Re7
38. Rd4 Nf6 39. e5 Nd7 40. Re3 Bf5 41. Re2 Nc5 42. Ke3 Ne6 43. Rd6 Rc7 44.
Red2 Nxf4 1/2-1/2

[Event "XIX Carlos Torre Mem"]
[Site "Merida MEX"]
[Date "2006.12.17"]
[Round "5"]
[White "Arencibia,W"]
[Black "Hungaski,R"]
[Result "1/2-1/2"]
[WhiteElo "2530"]
[BlackElo "2366"]
[EventDate "2006.12.14"]

1. e4 c5 2. Nf3 Nc6 3. d4 cxd4 4. Nxd4 Nf6 5. Nc3 e5 6. Ndb5 d6 7. Bg5 a6
8. Na3 b5 9. Nd5 Be7 10. Bxf6 Bxf6 11. c3 Bg5 12. Nc2 Ne7 13. a4 bxa4 14.
Ncb4 O-O 15. Qxa4 a5 16. Nxe7+ Qxe7 17. Nd5 Qb7 18. Bb5 Rb8 19. c4 Be6 20.
Rd1 f5 21. Qa3 Rbd8 22. exf5 Rxf5 23. O-O Bxd5 24. Rxd5 Qb6 25. Qb3 Kh8 26.
c5 dxc5 27. Rxd8+ Qxd8 28. Rd1 Qb6 29. Qd5 Rf8 30. Qxe5 Qxb5 1/2-1/2

[Event "XIX Carlos Torre Mem"]
[Site "Merida MEX"]
[Date "2006.12.17"]
[Round "5"]
[White "Quezada,Y"]
[Black "Garcia Martinez,S"]
[Result "1-0"]
[WhiteElo "2515"]
[BlackElo "2316"]
[EventDate "2006.12.14"]

1. e4 c6 2. d4 d5 3. e5 Bf5 4. Nf3 e6 5. Be2 Nd7 6. O-O Bg6 7. Nbd2 Nh6 8.
Ne1 c5 9. c3 cxd4 10. cxd4 Nf5 11. Ndf3 Qb6 12. a3 Be7 13. Qa4 a6 14. Nd3
Bh5 15. Be3 Nxe3 16. fxe3 Qd8 17. Nf4 Bg4 18. Bd3 g5 19. Ne2 Bh5 20. h3 Bg6
21. Bxg6 hxg6 22. Nh2 O-O 23. Ng4 f5 24. exf6 Nxf6 25. Ne5 Kg7 26. Qc2 Qe8
27. Qc7 Rb8 28. Rac1 Qd8 29. h4 gxh4 30. Nf4 1-0

[Event "XIX Carlos Torre Mem"]
[Site "Merida MEX"]
[Date "2006.12.17"]
[Round "5"]
[White "Estrada Nieto,J"]
[Black "Vera,R"]
[Result "1/2-1/2"]
[WhiteElo "2379"]
[BlackElo "2510"]
[EventDate "2006.12.14"]

1. e4 c5 2. Nf3 e6 3. c3 Nf6 4. e5 Nd5 5. Bc4 d6 6. d4 cxd4 7. cxd4 Nc6 8.
O-O Be7 9. Qe2 O-O 10. Rd1 Na5 11. Bd3 Nb4 12. exd6 Qxd6 13. Be4 f5 14. Bd3
Nxd3 15. Rxd3 Nc6 16. Nc3 Bf6 17. Rd1 1/2-1/2

[Event "XIX Carlos Torre Mem"]
[Site "Merida MEX"]
[Date "2006.12.17"]
[Round "5"]
[White "Baltazar,R"]
[Black "Huerta,S"]
[Result "1/2-1/2"]
[WhiteElo "2110"]
[BlackElo "2352"]
[EventDate "2006.12.14"]

1. d4 c5 2. e3 cxd4 3. exd4 d5 4. Nf3 Nc6 5. c3 g6 6. Bd3 Bg7 7. O-O Nf6 8.
h3 O-O 9. Re1 Bf5 10. Bxf5 gxf5 11. Nbd2 e6 12. Nf1 Ne4 13. Ng3 Kh8 14.
Nxe4 fxe4 15. Nh2 f5 16. Qh5 Qe7 17. f3 e5 18. fxe4 dxe4 19. Bg5 Qd6 20.
dxe5 Nxe5 21. Kh1 Nd3 22. Re2 Qc6 23. Rf1 Rae8 24. Qh4 Be5 25. Bh6 Rf7 26.
Rxe4 Qxe4 27. Qxe4 fxe4 28. Rxf7 Bxh2 29. Kxh2 e3 30. Bxe3 Rxe3 31. Rxb7
Re2 32. b4 Rxa2 33. c4 Ra4 34. b5 Rb4 35. Rxa7 Rxc4 36. b6 Nc5 37. b7 Nxb7
38. Rxb7 Rc2 39. h4 Kg8 40. Kh3 Rc1 41. Kg4 Rc5 42. Kh3 Rc6 43. g4 h6 44.
Re7 Rc3+ 45. Kg2 1/2-1/2